000 00829nas a2200253 4500
001 BR0810510
003 BR-BrBNA
005 20231205112936.0
007 ta
008 230509b bl.|||p| |||| 00| 00por d
040 _aBR-BrBNA
_bpor
_cBiblioteca Nacional de Agricultura
041 _a(Pt)
072 _aP10
100 1 _aGurgel, G.J.B.
100 1 _aMontenegro, S.M.G.L.
100 1 _aCabral, J.J.S.P.
245 1 _aModelagem numérica aplicada à análise de medidas de controle da intrusão marinha na região Sul da Planicie do Recife (PE)
650 _aÁGUA SALGADA
650 _aCONTROLE
650 _aRECIFE
773 0 _tRevista Brasileira de Recursos Hídricos (Brazil)
_xISSN 1414-381X
_g(Oct-Dec 2007), v. 12(4) p. 123-133
_wBR0810510
909 _a202311
_bLúcia
_c55
_dLúcia Elande
942 _2AGRIS
_n0
_cANA
999 _c200926
_d200926